00558nam a2200181 a 45000010005000000030009000050080041000140200015000550400028000700820018000981000058001162450089001742600031002633000015002946500019003096500023003286500025003513166CO-ViMGA141112s2004 ck r 000 u spa d a9233016609 aCO-ViMGAbspacCO-ViMGA04a371.3028 S3271 aSecretaria Ejecutiva del Convenio Andres Bello. SECAB10aConcepción y producción de manuales escolares : bguía práctica / cFrancois aParís : bUNESCO, c1981 a290 p : il14aLIBRO DE TEXTO14aPRODUCCION - GUIAS14aTECNOLOGIA EDUCATIVA